| 000 | 01428nam0a2200313 4500 | ||
|---|---|---|---|
| 001 | RU\NLR\bibl\1167768 | ||
| 005 | 20250615084514.0 | ||
| 010 |
_a5-8465-0571-6 _9500 |
||
| 035 | _a(NLR Aleph) 001154474 | ||
| 090 |
_a1498388 _c1498388 |
||
| 100 | _a20071213d2007 |||y0rusy50 ca | ||
| 101 | 0 | _arus | |
| 102 | _aRU | ||
| 105 | _aa ||||||||| | ||
| 200 | 1 |
_aВ чем, собственно, трудность? Основы лингвистического анализа текста _eпособие для абитуриентов _fН.В. Богданова |
|
| 210 |
_aСанкт-Петербург _cФилологический факультет СПбГУ _d2007 |
||
| 215 |
_a222,[1] с. _cил. _d22 |
||
| 225 | 1 | _aПособие для абитуриента | |
| 517 | 0 | _aОсновы лингвистического анализа текста | |
| 606 | 1 |
_aРусский язык _jУчебные издания для поступающих в высшие учебные заведения _xЛингвистический анализ _92408189 _3RU\NLR\auth\661435049 |
|
| 686 | _aШ141.12-922.1[11] | ||
| 686 | _aШ141.12-925.3 | ||
| 700 | 1 |
_4070 _aБогданова-Бегларян _bН. В. _gНаталья Викторовна _9141863 _3RU\NLR\AUTH\770141899 |
|
| 801 | 0 |
_aRU _bNLR _c20071213 _gRCR |
|
| 801 | 1 |
_aRU _bNLR _c20071213 |
|
| 942 | _cBOOK | ||
| 980 | _aNB | ||